| 000 | 00704nmm a2200205Ia 4500 | ||
|---|---|---|---|
| 008 | 251105s9999||||xx |||||||||||||||||und|| | ||
| 020 | _a9789587166552 | ||
| 041 | _aspa | ||
| 100 | _aRincón, Carlos | ||
| 245 | 0 | _aEntre el olvido y el recuerdo : íconos, lugares de memoria y cánones de la historia y la literatura en Colombia | |
| 264 |
_a[Bogotá, Colombia] : _bEditorial Pontificia Universidad Javeriana, _c2010 |
||
| 300 | _a582 páginas | ||
| 490 | _a2010 | ||
| 650 | _aLatin American literature | ||
| 700 | _aRincón, Carlos | ||
| 700 | 1 | _a Carlos Gómez, Liliana | |
| 700 | 1 | _a Mojica, Sarah de (Editores) | |
| 856 | _uhttps://public.digitaliapublishing.com/a/29668 | ||
| 942 | _cCF | ||
| 999 |
_c70549 _d70549 |
||